| 000 | 00652nam a2200253Ia 4500 | ||
|---|---|---|---|
| 001 | 3047 | ||
| 003 | GE_BSU | ||
| 008 | 181216s||||||||xx |||||||||||||| ||und|| | ||
| 020 | _a5862255931 | ||
| 040 | _cGE_BSU | ||
| 080 | _a33(075.8) | ||
| 245 | _aИстория Экономики | ||
| 245 | _bучебное пособие | ||
| 245 | _cред. В.И. Осипов | ||
| 260 | _aМосква | ||
| 260 | _bИНФРА-М | ||
| 260 | _c1998 | ||
| 300 | _a128 ст. 20 см. | ||
| 541 | _h4 Л.75 Т. | ||
| 653 | _aИстория Эономики | ||
| 653 | _aЭкономика | ||
| 653 | _aეკონომიკა | ||
| 942 | _cBK | ||
| 999 |
_c37091 _d37091 |
||